000 01307cam a22003014a 4500
999 _c232696
_d232696
001 15326973
003 Nust
005 20170222154212.0
008 080612s2008 nyua 000 1 eng
010 _a 2008026441
020 _a9781841496818
040 _aDLC
_cDLC
_dDLC
043 _an-us-ny
050 0 0 _aPS3608.U855
_bE94 2008
082 0 0 _a813.6
_bHUS
100 1 _aHuston, Charlie.
245 1 0 _aEvery last drop :
_ba novel /
_cCharlie Huston.
260 _aNew York :
_bDel Rey,
_c2008.
300 _a250 p. :
_bill. ;
_c21 cm.
500 _a"A Del Rey trade paperback original"--T.p. verso.
650 0 _aPitt, Joe (Fictitious character)
_vFiction.
650 0 _aPrivate investigators
_zNew York (State)
_zNew York
_vFiction.
650 0 _aVampires
_vFiction.
651 0 _aManhattan (New York, N.Y.)
_vFiction.
655 7 _aMystery fiction.
_2gsafd
655 7 _aFantasy fiction.
_2gsafd
906 _a7
_bcbc
_corignew
_d1
_eecip
_f20
_gy-gencatlg
942 _2ddc
_cBK